| 000 | 01205 a2200361 4500 | ||
|---|---|---|---|
| 999 |
_c71375 _d19765 |
||
| 001 | 71375 | ||
| 003 | TR-AnTOB | ||
| 005 | 20250210164616.0 | ||
| 008 | 080617s2007 tu tur | ||
| 040 |
_aTR-AnTOB _cTR-AnTOB _beng _erda |
||
| 041 | _atur | ||
| 050 |
_aHD2769.2.T9 _bV35 2007 |
||
| 090 | _aHD2769.2.T9 V35 2007 | ||
| 245 | 0 |
_a2007 Vakıf medeniyeti çevre yılı yarışma eserleri ve sergi albümü / _cVakıflar Genel Müdürlüğü ; ed. Erol Erdoğan, Tahsin Türker. |
|
| 246 | 3 | _aYarışma eserleri ve sergi albümü | |
| 264 | 1 |
_aAnkara : _bT.C. Başbakanlık Vakıflar Genel Müdürlüğü, _c2007. |
|
| 300 |
_a240 s.: _bres.; _c35 cm. |
||
| 650 | 7 |
_aVakıf _zTürkiye _2etuturkob _992011 |
|
| 650 | 0 |
_aWaqf _zTurkey _992012 |
|
| 650 | 0 |
_aEndowments _zTurkey _937900 |
|
| 650 |
_aHayır kurumları _zTürkiye _945836 |
||
| 650 | 0 |
_aVakıf _xSosyal yönleri _945856 |
|
| 650 |
_aWaqf _xSocial aspects _945858 |
||
| 650 |
_aCharities _zTurkey _945837 |
||
| 700 |
_aTürker, Tahsin _945835 |
||
| 700 |
_aErdoğan, Erol _945855 |
||
| 710 | 1 |
_aTürkiye. _bVakıflar Genel Müdürlüğü _937904 |
|
| 902 | _a0024212 | ||
| 903 | _aMerkez Kütüphane | ||
| 942 |
_cBK _2lcc |
||
| 945 | _aCS | ||